| 000 | 00648nam a2200217 a 4500 | ||
|---|---|---|---|
| 001 | 3174 | ||
| 003 | CDMR | ||
| 005 | 20131205124351.0 | ||
| 008 | 130130s1968||||fr |||||||||||||||||fre|d | ||
| 040 |
_aCDMR _bcat _cCDMR |
||
| 100 | 1 |
_aMcLuhan, Marshall _9425 |
|
| 245 | 1 | 0 |
_aPour comprendre les média _b: les prolongements technologiques de l'home _cMarshall McLuhan |
| 260 |
_aParis _bMame |
||
| 260 |
_bSeuil _c1968 |
||
| 300 |
_a390 p. _c20 cm |
||
| 650 | 0 | 4 |
_93629 _aComunicació _xAssaigs |
| 650 | 0 | 4 |
_9405 _aMitjans de comunicació de massa |
| 650 | 0 | 4 |
_94423 _aTecnologia i civilització |
| 650 |
_92085 _aComunicació _xTeoria |
||
| 942 |
_cMON _2udc |
||
| 999 |
_c3174 _d3174 |
||